|
|
|
|
| LEADER |
00830cam a2200241 7i4500 |
| 001 |
0000034858 |
| 005 |
20180126090000.0 |
| 007 |
##ta |
| 008 |
180126t20162016-uk eng |
| 022 |
0 |
# |
|a 17483948
|
| 040 |
# |
# |
|a MATR
|
| 090 |
0 |
0 |
|a EGPT 665.5
|b EGY
|
| 245 |
0 |
0 |
|a Egypt oil & gas Report Q2 2016 :
|b INCLUDES 10- YEAR FORECASTS TO 2025.
|
| 264 |
# |
4 |
|a ♭2016.
|
| 264 |
# |
1 |
|a London:
|b Business Monitor International,
|c 2016.
|
| 300 |
# |
# |
|a 135 pages:
|b illustrations;
|c 30 cm.
|
| 336 |
# |
# |
|a text
|2 rdacontent
|
| 337 |
# |
# |
|a unmediated
|2 rdamedia
|
| 338 |
# |
# |
|a volume
|2 rdacarrier
|
| 490 |
0 |
# |
|a Part of BMI's Industry Report & Forecasts Series
|
| 650 |
# |
0 |
|a Infrastructure (Economics) --
|z Egypt
|
| 999 |
|
|
|a B000037893
|b Book
|c Countries
|e Business Information Centre
|
| 999 |
|
|
|a B000037791
|b Book
|c Countries
|e Business Information Centre
|